[Event "London Classic Super rapid 8th"]
[Site "London"]
[Date "2016.12.17"]
[Round "1"]
[White "Chrisidis, Pavlos"]
[Black "Gallagher, Joseph G"]
[Result "0-1"]
[WhiteElo "1832"]
[BlackElo "2522"]
[PlyCount "50"]
[EventDate "2016.12.17"]
[EventType "swiss (rapid)"]
[EventRounds "10"]
[EventCountry "ENG"]
[SourceTitle "CBM 176 Extra"]
[Source "ChessBase"]
[SourceDate "2017.03.02"]
[SourceVersion "1"]
[SourceVersionDate "2017.03.02"]
[SourceQuality "1"]

1. Nf3 Nf6 2. g3 g6 3. Bg2 Bg7 4. 0-0 0-0 5. d4 d6 6. c4 Nbd7 7. Nc3 e5 8. dxe5 dxe5 9. e4 c6 10. Qc2 Qe7 11. h3 Ne8 12. Nh4 Nc7 13. Be3 Ne6 14. Ne2 a5 15. Kh1 Ndc5 16. Rad1 Kh8 17. f4 exf4 18. Nxf4 Nxf4 19. Bxf4 Be5 20. Nf3 Bxf4 21. gxf4 Nxe4 22. Rfe1 Bf5 23. Qc1 Nf2+ 24. Kh2 Qf6 25. Rd7 Bxd7 0-1

[Event "Sunningdale e2e4 op U2000 07"]
[Site "Sunningdale"]
[Date "2013.07.06"]
[Round "3"]
[White "Shaw, Meyrick"]
[Black "Chrisidis, Pavlos"]
[Result "1-0"]
[WhiteElo "1944"]
[BlackElo "1834"]
[PlyCount "145"]
[EventDate "2013.07.05"]
[EventType "swiss"]
[EventRounds "7"]
[EventCountry "ENG"]
[SourceTitle "EXT 2014"]
[Source "ChessBase"]
[SourceDate "2013.11.20"]
[SourceVersion "1"]
[SourceVersionDate "2013.11.20"]
[SourceQuality "1"]

1. e4 c5 2. Nc3 Nc6 3. g3 e6 4. Bg2 Nf6 5. d3 Be7 6. Nf3 d6 7. 0-0 0-0 8. d4 cxd4 9. Nxd4 a6 10. a4 e5 11. Nb3 Be6 12. Nd5 Bxd5 13. exd5 Na5 14. Nxa5 Qxa5 15. Bd2 Qc7 16. a5 Nd7 17. f4 Rac8 18. c3 b6 19. axb6 Qxb6+ 20. Kh1 Qxb2 21. Rxa6 Nc5 22. Ra7 Bf6 23. fxe5 Bxe5 24. c4 Ra8 25. Rfxf7 Rxa7 26. Rxa7 Nd3 27. Be3 Nf2+ 28. Bxf2 Qxf2 29. Rb7 h5 30. Bh3 Ra8 31. Be6+ Kf8 32. Rf7+ Qxf7 33. Bxf7 Ra1 34. Qxa1 Bxa1 35. Bxh5 Ke7 36. Kg2 Kf6 37. Kf3 Ke5 38. Be8 Bd4 39. h4 Kf6 40. Ke4 Be5 41. g4 Bg3 42. h5 Kg5 43. Bd7 Bh2 44. Bf5 Bg3 45. Kd3 Be5 46. Ke4 Bg3 47. Kd3 Be5 48. Kc2 Kf6 49. Kb3 Bf4 50. Kb4 Be3 51. Kb5 Ke5 52. Kc6 Bc5 53. Bd3 Kf4 54. Be2 Ke3 55. Bd1 Kf4 56. Kd7 Kg5 57. Ke6 Kh6 58. Kf5 Be3 59. Be2 Bd4 60. g5+ Kh7 61. Ke6 Bc5 62. Kf7 Be3 63. Bd3+ Kh8 64. g6 Bd4 65. Ke6 Bc5 66. Bf5 Bb4 67. Ke7 Kg8 68. Be6+ Kh8 69. Kf7 Bc3 70. c5 dxc5 71. d6 Bf6 72. h6 gxh6 73. Kxf6 1-0